000 01344cam a2200349 a 4500
001 1376852129
003 OSt
005 20250613114334.0
008 230421s2023 paua b 001 0 eng d
020 _a9780323877572 (Hardcover)
040 _aZNC
_beng
_cZNC
_dNUST
_erda
050 4 _aRC78 WIB
100 _aWible, Brandt C
_eAuthor
245 0 0 _aDiagnostic imaging :
_binterventional radiology /
_cBrandt C Wible, Jennifer R Buckley, Keith B Quencer, T Gregory Walker and Chad Davis.
250 _aThird edition.
260 _aPhiladelphia, PA :
_bElsevier,
_c2023.
300 _axvi, 845, xliii pages :
_bIllustrations) ;
_c29 cm.
336 _atext
_btxt
_2rdacontent
337 _2rdamedia
_aunmediated
_bn
338 _2rdamedia
_avolume
_bnc
504 _aIncludes bibliographical references and index.
650 1 2 _vInterventional radiology -- Handbooks, manuals, etc.
650 1 2 _vDiagnostic imaging -- Handbooks, manuals, etc.
650 1 2 _vDiagnostic Imaging -- methods.
650 1 2 _vMinimally Invasive Surgical Procedures -- methods.
700 1 _aWible, Brandt C
_eAuthor
700 1 _a Buckley, Jennifer R
_eAuthor
700 1 _aQuencer, Keith B
_eAuthor
700 1 _aWalker, Gregory T
_eAuthor
700 1 _a Davis, Chad
_eAuthor
942 _2lcc
_cBOOKS
_eThird edition.
_hRC78.D53 WIB
_kRC
_mWIB
_n0
999 _c171623
_d171623